Magnetic storms (Record no. 14540)

MARC details
000 -LEADER
fixed length control field 00673nam a2200241Ia 4500
003 - CONTROL NUMBER IDENTIFIER
control field IN-BaIIA
008 - FIXED-LENGTH DATA ELEMENTS--GENERAL INFORMATION
fixed length control field 211028s9999 xx 000 0 eng d
020 ## - INTERNATIONAL STANDARD BOOK NUMBER
International Standard Book Number 0-87590-080-1
040 ## - CATALOGING SOURCE
Transcribing agency IIA Library
080 ## - UNIVERSAL DECIMAL CLASSIFICATION NUMBER
Universal Decimal Classification number 523.942
Item number MAG
100 ## - MAIN ENTRY--PERSONAL NAME
Personal name Tsurutani, Bruce T
245 #0 - TITLE STATEMENT
Title Magnetic storms
Statement of responsibility, etc. Bruce T Tsurutani….[et al.]
260 ## - PUBLICATION, DISTRIBUTION, ETC.
Place of publication, distribution, etc. Washington, D. C.
Name of publisher, distributor, etc. American Geophysical Union
Date of publication, distribution, etc. 1997
300 ## - PHYSICAL DESCRIPTION
Extent x, 266p.
490 ## - SERIES STATEMENT
Series statement Geophysics monograph; 98
650 ## - SUBJECT ADDED ENTRY--TOPICAL TERM
Topical term or geographic name entry element Geomagnetism
650 ## - SUBJECT ADDED ENTRY--TOPICAL TERM
Topical term or geographic name entry element Magnetic storms
650 ## - SUBJECT ADDED ENTRY--TOPICAL TERM
Topical term or geographic name entry element Soalr system
9 (RLIN) 25835
700 ## - ADDED ENTRY--PERSONAL NAME
Personal name Arballo, J. K
9 (RLIN) 25836
700 ## - ADDED ENTRY--PERSONAL NAME
Personal name Gonzalez, W. D
9 (RLIN) 25837
700 ## - ADDED ENTRY--PERSONAL NAME
Personal name Kamide, Y
9 (RLIN) 15319
942 ## - ADDED ENTRY ELEMENTS (KOHA)
Koha item type Books
Holdings
Withdrawn status Lost status Damaged status Not for loan Home library Current library Shelving location Date acquired Source of acquisition Cost, normal purchase price Total Checkouts Total Renewals Full call number Barcode Date last seen Date last checked out Cost, replacement price Price effective from Koha item type Purchase Price
        IIA Library-Bangalore IIA Library-Bangalore General Stacks 15/03/2002 AGU 2478.00 2 14 523.942/ MAG 15462 27/03/2023 27/03/2023 2478.00 15/03/2002 Books Rs. 2478.00

Powered by Koha